| 000 | 00608nam a2200217 a 4500 | ||
|---|---|---|---|
| 001 | BRCA_6869 | ||
| 005 | 20190320205625.0 | ||
| 008 | 111111s1922----gw-ab#####---#000-0#ger-# | ||
| 041 | _ager | ||
| 044 | _agw | ||
| 050 | 4 |
_aF2223 _b.R68 1922 |
|
| 100 | 1 |
_aRoss, Colin _917117 |
|
| 245 | 1 | 0 |
_aSüdameríka _bdie aufsteigende Welt _cColin Ross |
| 260 |
_aLeipzig, Alemania _bF. A. Boockhaus _c1922 |
||
| 300 |
_a317 p. _bil., 54 láminas, 2 mapas _c20 cm. |
||
| 500 | _aO60 | ||
| 650 | 1 | 4 |
_aViajeros alemanes _97026 |
| 651 | 4 |
_aAmérica del Sur _xDescripción y viajes _98178 |
|
| 902 | _aGFM | ||
| 942 |
_2lcc _cB |
||
| 999 |
_c6551 _d6551 |
||